[Event "Vellmar Int 4th op  A"]
[Site "Vellmar"]
[Date "2012.07.28"]
[Round "5.31"]
[White "Diener, Carolin"]
[Black "Kanter, Leonid"]
[Result "0-1"]
[WhiteElo "1739"]
[BlackElo "1949"]
[PlyCount "115"]
[EventDate "2012.07.26"]
[EventType "swiss"]
[EventRounds "7"]
[EventCountry "GER"]

{DWZ: 1659(geb.2000) - 1857} 1. e4 c5 2. Nf3 Nc6 3. Bb5 g6 4. Bxc6 bxc6 5. Nc3
Bg7 6. O-O Nf6 7. d3 O-O 8. h3 d5 9. Re1 e6 10. Bg5 Qc7 11. Qc1 Nd7 12. Qd2 Ba6
13. Bh6 d4 14. Ne2 e5 15. Bxg7 Kxg7 16. Ng3 Qd8 17. Rf1 c4 18. dxc4 Bxc4 19.
Rfd1 c5 20. c3 f6 21. Qc2 Bf7 22. Nh2 Nb6 23. b3 Rc8 24. c4 Be6 25. Qe2 Qd7 26.
Nf3 a5 27. Ne1 Ra8 28. Nd3 Qc7 29. Qb2 Nd7 30. Nf1 Rfb8 31. Nd2 Rb7 32. Qc2 Qc6
33. Nb2 Nb6 34. Nd3 Rba7 35. Qb2 Nd7 36. Re1 Qc7 37. Nf3 Rb8 38. Qc2 Rab7 39.
Kh1 Rb6 40. Qc1 R8b7 41. Qa3 a4 42. Nd2 Ra7 43. Qb2 Nb8 44. Qc2 Na6 45. Nb2 Nb4
46. Qb1 axb3 47. Nxb3 Rba6 48. a4 Bd7 49. Qd1 Rb7 50. Kg1 Rd6 51. Re2 d3 52.
Rd2 Nc2 53. Nxc5 Qxc5 54. Nxd3 Qxc4 55. Rc1 Bxa4 56. Nxe5 Rxd2 57. Nxc4 Rxd1+
58. Rxd1 0-1

[Event "Vellmar Int 4th op  A"]
[Site "Vellmar"]
[Date "2012.07.28"]
[Round "5.32"]
[White "Schuhmacher, Jakob"]
[Black "Sieber, Fiona"]
[Result "1/2-1/2"]
[WhiteElo "1945"]
[BlackElo "1781"]
[PlyCount "87"]
[EventDate "2012.07.26"]
[EventType "swiss"]
[EventRounds "7"]
[EventCountry "GER"]

{DWZ: 1984(geb.1997) - 1816(geb.2000)} 1. d4 Nf6 2. c4 e6 3. Nf3 b6 4. g3 d5 5.
Bg2 Nbd7 6. O-O Be7 7. Nc3 O-O 8. Ne5 Bb7 9. Qa4 c5 10. Nxd7 Nxd7 11. cxd5 cxd4
12. Qxd4 Bf6 13. Qd1 Bxc3 14. dxe6 Bxg2 15. Kxg2 Bf6 16. exd7 Qe7 17. Qd3 Rfd8
18. Rd1 Rab8 19. Qd5 Qe6 20. Bf4 Qxd5+ 21. Rxd5 Rb7 22. Rad1 Bxb2 23. Be5 Bxe5
24. Rxe5 Kf8 25. Red5 Ke7 26. Re5+ Kf8 27. Re8+ Rxe8 28. dxe8=Q+ Kxe8 29. Kf3
Rc7 30. Rd2 Ke7 31. e4 Rc3+ 32. Kf4 Ra3 33. h4 h5 34. f3 g6 35. g4 Ra5 36. Rc2
Ke6 37. gxh5 Rxh5 38. Kg4 Ra5 39. Rd2 Ra4 40. Re2 Rc4 41. Re3 Rc2 42. Ra3 a5
43. Kf4 Rb2 44. Ra4 1/2-1/2

[Event "Vellmar Int 4th op  A"]
[Site "Vellmar"]
[Date "2012.07.28"]
[Round "5.34"]
[White "Lehmann, Tornalf"]
[Black "Calci, Fiorino"]
[Result "1/2-1/2"]
[WhiteElo "1653"]
[BlackElo "2033"]
[PlyCount "79"]
[EventDate "2012.07.26"]
[EventType "swiss"]
[EventRounds "7"]
[EventCountry "GER"]

{DWZ: 1501 - 1811} 1. e4 d5 2. exd5 Nf6 3. d4 Nxd5 4. c4 Nb6 5. Nf3 g6 6. h3
Bg7 7. Be2 N8d7 8. O-O O-O 9. Nc3 Nf6 10. Be3 c6 11. Qd2 Re8 12. Rad1 Be6 13.
b3 Qc8 14. Bh6 Bh8 15. Ng5 Bd7 16. Qf4 Be6 17. Rfe1 Bg7 18. Qh4 Nbd7 19. Nxe6
fxe6 20. Bxg7 Kxg7 21. Bd3 Nf8 22. Re3 Qd7 23. Ne2 a5 24. Nf4 c5 25. dxc5 Qc6
26. Bc2 Rad8 27. Nd3 N8d7 28. Rde1 Nxc5 29. Nxc5 Qxc5 30. Rxe6 Rd2 31. Rxf6
exf6 32. Rxe8 Rxc2 33. Qg3 Rxa2 34. Qf3 Ra1+ 35. Kh2 Qc7+ 36. g3 Qd7 37. Qe2
Kf7 38. Re3 Rd1 39. Re7+ Qxe7 40. Qxd1 1/2-1/2

[Event "Vellmar Int 4th op  A"]
[Site "Vellmar"]
[Date "2012.07.29"]
[Round "6.2"]
[White "Laubsch, Bernd"]
[Black "Schnegelsberg, Karl Heinz"]
[Result "1-0"]
[WhiteElo "2302"]
[BlackElo "2042"]
[PlyCount "77"]
[EventDate "2012.07.26"]
[EventType "swiss"]
[EventRounds "7"]
[EventCountry "GER"]

{DWZ: 2261(FM) - 1941} 1. e4 e6 2. d4 d5 3. Nd2 Nf6 4. e5 Nfd7 5. c3 c5 6. f4
Nc6 7. Ndf3 Rb8 8. Bd3 b5 9. Ne2 b4 10. O-O Qb6 11. Kh1 Ba6 12. f5 bxc3 13.
fxe6 fxe6 14. bxc3 Bxd3 15. Qxd3 cxd4 16. Nexd4 Nc5 17. Qc2 Nxd4 18. cxd4 Ne4
19. Ng5 Qa6 20. Be3 Rc8 21. Qd1 Be7 22. Nxe4 dxe4 23. Qg4 Rf8 24. Qh5+ Kd7 25.
Rfd1 Rc2 26. d5 exd5 27. Rxd5+ Kc6 28. Rdd1 Qa3 29. Qh3 Rd8 30. Rxd8 Bxd8 31.
Qc8+ Bc7 32. Qa8+ Kd7 33. Qxe4 Qc3 34. Rd1+ Ke8 35. Qa8+ Ke7 36. Bg5+ Kf7 37.
Rf1+ Kg6 38. Qe4+ Kh5 39. g4+ 1-0

[Event "Vellmar Int 4th op  A"]
[Site "Vellmar"]
[Date "2012.07.29"]
[Round "6.3"]
[White "Meyner, Hannes"]
[Black "Aslan, Benjamin"]
[Result "1-0"]
[WhiteElo "2217"]
[BlackElo "2156"]
[PlyCount "47"]
[EventDate "2012.07.26"]
[EventType "swiss"]
[EventRounds "7"]
[EventCountry "GER"]

{DWZ: 2098 - 2238} 1. d4 Nf6 2. c4 c5 3. d5 b5 4. cxb5 a6 5. bxa6 g6 6. Nc3
Bxa6 7. Nf3 Bg7 8. g3 d6 9. Bg2 Nfd7 10. Qc2 Nb6 11. h4 h6 12. h5 g5 13. Nh2
N8d7 14. Ng4 Nc4 15. Ne3 Nxe3 16. Bxe3 Qa5 17. Bd2 Ne5 18. Nd1 Qb6 19. Bc3 O-O
20. Ne3 Bc8 21. Nf5 Bxf5 22. Qxf5 Rfb8 23. f4 Nc4 24. Be4 1-0

[Event "Vellmar Int 4th op  A"]
[Site "Vellmar"]
[Date "2012.07.29"]
[Round "6.4"]
[White "Markgraf, Alexander"]
[Black "Galkin, Wladislaw"]
[Result "1-0"]
[WhiteElo "2489"]
[BlackElo "2101"]
[PlyCount "77"]
[EventDate "2012.07.26"]
[EventType "swiss"]
[EventRounds "7"]
[EventCountry "GER"]

{DWZ: 2470(IM) - 2090(geb.1996)} 1. d4 d5 2. c4 e6 3. Nc3 Nf6 4. Bg5 Nbd7 5. e3
Be7 6. Nf3 O-O 7. Rc1 Re8 8. Bd3 Nf8 9. O-O Ng6 10. Qc2 c6 11. Ne5 dxc4 12.
Nxc4 Nd5 13. Bxe7 Qxe7 14. a3 c5 15. dxc5 Qxc5 16. Rfd1 f5 17. b4 Qf8 18. Be2
Rd8 19. Nxd5 exd5 20. Na5 Qf7 21. Qc7 Rd7 22. Qc3 b6 23. Nc6 Bb7 24. Nd4 Rf8
25. f4 Re7 26. Re1 Qf6 27. Bd3 Bc8 28. Nc6 Rc7 29. Qxf6 Rxf6 30. Nd4 Rff7 31.
Kf2 Nf8 32. Ke2 g6 33. Nb5 Rxc1 34. Rxc1 Ba6 35. Nc7 Bb7 36. g3 Nd7 37. Nb5 Re7
38. Rc7 Ba6 39. Rxa7 1-0

[Event "Vellmar Int 4th op  A"]
[Site "Vellmar"]
[Date "2012.07.29"]
[Round "6.5"]
[White "Hansen, Victor"]
[Black "Schulz, Karsten"]
[Result "0-1"]
[WhiteElo "2112"]
[BlackElo "2342"]
[PlyCount "163"]
[EventDate "2012.07.26"]
[EventType "swiss"]
[EventRounds "7"]
[EventCountry "GER"]

{DWZ: 2099(NOR) - 2292(FM)} 1. e4 d6 2. d4 Nf6 3. Nc3 g6 4. Be2 Bg7 5. Be3 O-O
6. Qd2 e5 7. d5 c6 8. f3 cxd5 9. Nxd5 Nxd5 10. Qxd5 Nc6 11. c3 Be6 12. Qd2 Qc7
13. Nh3 Rad8 14. Ng5 d5 15. Nxe6 fxe6 16. Qc2 Nd4 17. Qd3 Nxe2 18. Kxe2 d4 19.
Bg5 Rd6 20. Rhd1 Rc6 21. Rac1 Qb6 22. Rc2 Rfc8 23. c4 Qa6 24. b3 b5 25. Rdc1
bxc4 26. bxc4 Bf8 27. f4 Ba3 28. Rb1 Rxc4 29. Rxc4 Rxc4 30. fxe5 Bb4 31. Rb2
Qc6 32. Qb1 d3+ 33. Qxd3 Rxe4+ 34. Kf2 Qb6+ 35. Kg3 Rxe5 36. Qd8+ Qxd8 37. Bxd8
Bd6 38. Kf3 Rf5+ 39. Ke4 Bxh2 40. g4 Rf4+ 41. Ke3 Rf8 42. Be7 Rf7 43. Ba3 Bf4+
44. Ke4 g5 45. Bc5 Rc7 46. Bd4 Rc4 47. Kd3 Ra4 48. Rc2 e5 49. Bc5 Kf7 50. a3
Ke6 51. Bb4 Ra6 52. Rc8 Rb6 53. Re8+ Kd5 54. Rd8+ Kc6 55. Rc8+ Kb7 56. Rh8 Rh6
57. Ke4 Kc6 58. Ra8 Kb7 59. Rh8 a6 60. Kf5 Kc6 61. Bc3 Rh3 62. Bxe5 Bxe5 63.
Kxe5 Rxa3 64. Rxh7 Ra5+ 65. Ke4 Rb5 66. Rg7 Rc5 67. Kd4 Rd5+ 68. Kc4 Ra5 69.
Kb4 Re5 70. Ka3 a5 71. Ka4 Re4+ 72. Kxa5 Rxg4 73. Rg8 Kd5 74. Kb5 Rg3 75. Kb4
g4 76. Rg7 Rg2 77. Kc3 Ke4 78. Re7+ Kf3 79. Kd3 Ra2 80. Rf7+ Kg2 81. Ke3 g3 82.
Rg7 {Restnotation fehlt} 0-1

[Event "Vellmar Int 4th op  A"]
[Site "Vellmar"]
[Date "2012.07.29"]
[Round "6.6"]
[White "Khudovekov, Stanislav"]
[Black "Hahn, Markus"]
[Result "1/2-1/2"]
[WhiteElo "2107"]
[BlackElo "2146"]
[PlyCount "23"]
[EventDate "2012.07.26"]
[EventType "swiss"]
[EventRounds "7"]
[EventCountry "GER"]

{DWZ: -(RUS) - 2109(geb.1994)} 1. e4 c5 2. Nc3 e6 3. f4 Nc6 4. Nf3 Nge7 5. g3
Nd4 6. Nxd4 cxd4 7. Ne2 Nc6 8. d3 g6 9. Bg2 Bg7 10. O-O d6 11. c3 O-O 12. h3
1/2-1/2

[Event "Vellmar Int 4th op  A"]
[Site "Vellmar"]
[Date "2012.07.29"]
[Round "6.7"]
[White "Haselhorst, Helmut"]
[Black "Rother, Moritz"]
[Result "1/2-1/2"]
[WhiteElo "2089"]
[BlackElo "2126"]
[PlyCount "65"]
[EventDate "2012.07.26"]
[EventType "swiss"]
[EventRounds "7"]
[EventCountry "GER"]

{DWZ: 1985(geb.1948) - 2015} 1. d4 d5 2. Nf3 Nf6 3. c4 c6 4. Nc3 e6 5. e3 Nbd7
6. Bd3 dxc4 7. Bxc4 b5 8. Bd3 Bb7 9. O-O a6 10. e4 c5 11. e5 Nd5 12. Ne4 cxd4
13. Re1 Qb6 14. Bg5 Nc5 15. Bb1 h6 16. Bh4 Nxe4 17. Bxe4 Bc5 18. Rc1 Rc8 19.
Bg3 O-O 20. Bb1 Ne7 21. h4 Rfd8 22. Qd3 Nf5 23. Nd2 Bb4 24. Bf4 h5 25. Kh2 Be7
26. g3 g6 27. Ne4 Bxe4 28. Qxe4 Rxc1 29. Rxc1 d3 30. Kg2 d2 31. Rd1 Rd4 32.
Qa8+ Rd8 33. Qe4 1/2-1/2

[Event "Vellmar Int 4th op  A"]
[Site "Vellmar"]
[Date "2012.07.29"]
[Round "6.8"]
[White "Hoffmann, Lukas"]
[Black "Hecht, Carsten"]
[Result "1-0"]
[WhiteElo "2173"]
[BlackElo "2050"]
[PlyCount "115"]
[EventDate "2012.07.26"]
[EventType "swiss"]
[EventRounds "7"]
[EventCountry "GER"]

{DWZ: 2181 - 2048(geb.1997)} 1. Nf3 Nf6 2. g3 g6 3. Bg2 Bg7 4. O-O O-O 5. c4 d5
6. cxd5 Nxd5 7. Nc3 Nb6 8. d4 Nc6 9. d5 Na5 10. e4 c6 11. Re1 cxd5 12. exd5
Nac4 13. Bg5 Nxb2 14. Qb3 Bxc3 15. Bxe7 Qc7 16. Bxf8 Kxf8 17. Rac1 N2a4 18. Re3
Bf5 19. Nd4 Qd7 20. Nxf5 Qxf5 21. Rcxc3 Nxc3 22. Qxc3 Kg8 23. d6 Rc8 24. Qd4
Rc1+ 25. Bf1 Qb5 26. Qd3 Qxd3 27. Rxd3 Rc8 28. Bg2 Rc1+ 29. Bf1 Rc8 30. Re3 Kf8
31. Re7 Rb8 32. Bg2 Nc8 33. Rd7 Ke8 34. Rxb7 Rxb7 35. Bxb7 Nxd6 36. Bd5 Ke7 37.
Kf1 Kf6 38. f4 Kf5 39. Kf2 h5 40. Kf3 Kf6 41. Ke3 Ke7 42. Kd4 Kd7 43. Kc5 Kc7
44. Bc6 Nf5 45. Be8 Nd6 46. Ba4 Nf5 47. Kd5 Kd8 48. Kc6 Kc8 49. Bb3 Nd4+ 50.
Kd6 Nxb3 51. axb3 Kd8 52. b4 f5 53. Ke6 Kc7 54. Kf6 Kb6 55. Kxg6 Kb5 56. Kxf5
Kxb4 57. Kg6 a5 58. f5 1-0

[Event "Vellmar Int 4th op  A"]
[Site "Vellmar"]
[Date "2012.07.29"]
[Round "6.9"]
[White "Kobs, Stephan"]
[Black "Berthold, Andreas"]
[Result "0-1"]
[WhiteElo "2035"]
[BlackElo "2150"]
[PlyCount "120"]
[EventDate "2012.07.26"]
[EventType "swiss"]
[EventRounds "7"]
[EventCountry "GER"]

{DWZ: 1898 - 2085} 1. e4 c5 2. Nf3 a6 3. c4 e6 4. d4 cxd4 5. Nxd4 Nf6 6. Bd3
Nc6 7. Nc2 d5 8. exd5 exd5 9. cxd5 Nxd5 10. O-O Be7 11. Qe2 O-O 12. Rd1 Be6 13.
Qe4 Nf6 14. Qh4 Bf5 15. Be2 Qb6 16. Ne3 Ng4 17. Qg3 Nxe3 18. Bxe3 Qxb2 19. Nd2
Qe5 20. Qxe5 Nxe5 21. Nf3 Nc6 22. Nd4 Nxd4 23. Bxd4 Be4 24. Rac1 Rac8 25. Bb6
Ba3 26. Rxc8 Rxc8 27. f3 Bf5 28. Bd3 Bxd3 29. Rxd3 Bf8 30. a4 g6 31. Rd7 Rc6
32. a5 Bc5+ 33. Bxc5 Rxc5 34. Rxb7 Rxa5 35. Ra7 Ra2 36. h4 Kg7 37. Kh2 Kf6 38.
Kg3 h6 39. Kh3 Ke6 40. Kg3 a5 41. Kh3 a4 42. Ra5 a3 43. Kg3 Ra1 44. Kh2 Kd6 45.
Kg3 Kc6 46. Ra4 Kb5 47. Ra7 Kc4 48. Rxf7 Rd1 49. Rc7+ Kb3 50. Rb7+ Kc2 51. Rc7+
Kb1 52. Rb7+ Ka1 53. Rb6 a2 54. Rxg6 Kb2 55. Rb6+ Kc3 56. Ra6 a1=Q 57. Rxa1
Rxa1 58. Kg4 Ra5 59. f4 h5+ 60. Kf3 Kd4 0-1

[Event "Vellmar Int 4th op  A"]
[Site "Vellmar"]
[Date "2012.07.29"]
[Round "6.10"]
[White "Baciu, Diana"]
[Black "Halt, David"]
[Result "1/2-1/2"]
[WhiteElo "2211"]
[BlackElo "2109"]
[PlyCount "124"]
[EventDate "2012.07.26"]
[EventType "swiss"]
[EventRounds "7"]
[EventCountry "GER"]

{DWZ:  - (WFM;MDA;geb.1994) - 2086} 1. e4 e5 2. Nf3 Nc6 3. Bc4 Bc5 4. c3 d6 5.
d3 h6 6. h3 Nf6 7. Bb3 O-O 8. Nbd2 Re8 9. Nf1 d5 10. Qe2 b6 11. Ba4 Bd7 12. Ng3
a6 13. O-O b5 14. Bb3 Be6 15. Nxe5 Nxe5 16. d4 Nxe4 17. Nxe4 dxe4 18. dxc5 Qd3
19. Qe3 Nc4 20. Qf4 Qd5 21. Qxc7 Rac8 22. Qg3 Qh5 23. Bd1 Qxc5 24. Bxh6 g6 25.
Rb1 Rcd8 26. Bg5 Rd5 27. Bf6 Rf5 28. Bd4 Qe7 29. Bg4 Rg5 30. Qf4 Bxg4 31. hxg4
f5 32. gxf5 gxf5 33. g3 Rh5 34. Kg2 e3 35. Rh1 Rxh1 36. Rxh1 Qe4+ 37. Qxe4 Rxe4
38. f3 Re6 39. b3 Nb2 40. c4 Nd3 41. Bc3 bxc4 42. bxc4 e2 43. Be1 Rb6 44. Bc3
e1=Q 45. Bxe1 Rb2+ 46. Kh3 Rb1 47. Kh4 Nxe1 48. Kh5 Kf7 49. g4 fxg4 50. fxg4
Rc1 51. Rf1+ Kg7 52. g5 Nd3 53. Rxc1 Nxc1 54. c5 Nd3 55. c6 Nf4+ 56. Kg4 Nd5
57. Kf3 Kg6 58. Ke4 Ne7 59. c7 Kxg5 60. Ke5 Nc8 61. Ke6 Kf4 62. Kd7 Na7 1/2-1/2

[Event "Vellmar Int 4th op  A"]
[Site "Vellmar"]
[Date "2012.07.29"]
[Round "6.11"]
[White "Rieke, Theo"]
[Black "Stuckenschneider, Martin"]
[Result "1-0"]
[WhiteElo "2140"]
[BlackElo "1965"]
[PlyCount "71"]
[EventDate "2012.07.26"]
[EventType "swiss"]
[EventRounds "7"]
[EventCountry "GER"]

{DWZ: 2042 - 1761} 1. g3 Nf6 2. Bg2 g6 3. c4 Bg7 4. Nc3 c5 5. Nf3 O-O 6. O-O d5
7. d3 d4 8. Na4 Na6 9. a3 Nd7 10. Rb1 Rb8 11. b4 b6 12. e3 dxe3 13. Bxe3 cxb4
14. axb4 Bb7 15. Qc2 e5 16. Nc3 Qe7 17. Qa4 Rfd8 18. Ng5 Nf6 19. Rfd1 Bxg2 20.
Kxg2 Qb7+ 21. f3 Nc7 22. Nge4 Ne6 23. Nxf6+ Bxf6 24. Nd5 Bg5 25. Re1 Bxe3 26.
Rxe3 Rxd5 27. cxd5 Qxd5 28. Qb3 Qxb3 29. Rxb3 f6 30. Rb2 Rc8 31. f4 Rc3 32.
fxe5 fxe5 33. Rxe5 Nd4 34. Re7 Nf5 35. Rxa7 Rxd3 36. Rba2 1-0

[Event "Vellmar Int 4th op  A"]
[Site "Vellmar"]
[Date "2012.07.29"]
[Round "6.12"]
[White "Hagenlueke, Thomas"]
[Black "Orwatsch, Gerhard"]
[Result "1/2-1/2"]
[WhiteElo "2023"]
[BlackElo "2072"]
[PlyCount "50"]
[EventDate "2012.07.26"]
[EventType "swiss"]
[EventRounds "7"]
[EventCountry "GER"]

{DWZ: 1858 - 1977(geb.1946)} 1. d4 c5 2. Nf3 cxd4 3. Nxd4 Nc6 4. g3 g6 5. Bg2
Bg7 6. Nb3 Nf6 7. O-O O-O 8. Nc3 d6 9. e4 Bg4 10. f3 Qb6+ 11. Kh1 Bd7 12. Re1
h6 13. Be3 Qd8 14. Nd5 Kh7 15. Qd2 Ne5 16. Bd4 Nxd5 17. exd5 Rc8 18. Qf2 b6 19.
f4 Ng4 20. Qe2 Re8 21. Bxg7 Kxg7 22. Nd4 Nf6 23. c4 Qc7 24. b3 e5 25. dxe6 fxe6
1/2-1/2

[Event "Vellmar Int 4th op  A"]
[Site "Vellmar"]
[Date "2012.07.29"]
[Round "6.13"]
[White "Giese, Tilman"]
[Black "Braun, Ingram"]
[Result "0-1"]
[WhiteElo "2067"]
[BlackElo "1957"]
[PlyCount "140"]
[EventDate "2012.07.26"]
[EventType "swiss"]
[EventRounds "7"]
[EventCountry "GER"]

{DWZ: 1987 - 1956} 1. Nf3 d5 2. g3 Nf6 3. Bg2 e6 4. d3 Be7 5. O-O O-O 6. Nbd2
c5 7. e4 Nc6 8. e5 Nd7 9. Re1 Qc7 10. Qe2 b6 11. Nf1 Ba6 12. Bf4 Rac8 13. c3
Rfd8 14. h4 b5 15. N1h2 b4 16. Ng5 bxc3 17. bxc3 Rb8 18. Bxd5 Bxg5 19. hxg5 Nf8
20. Be4 Ne7 21. Ng4 Qa5 22. c4 Bb7 23. Nf6+ Kh8 24. Bxb7 Rxb7 25. Ne4 Nf5 26.
Be3 Nd7 27. Rab1 Rxb1 28. Rxb1 Nxe5 29. Nxc5 Qc3 30. Rb7 Nd4 31. Bxd4 Qxd4 32.
Nb3 Qc3 33. d4 Nf3+ 34. Kg2 Nxd4 35. Nxd4 Qxd4 36. Rxf7 e5 37. Re7 Rf8 38. Rxe5
Kg8 39. Re7 Qc5 40. Qe6+ Kh8 41. Qe3 Qxc4 42. Qe5 Qc6+ 43. Qe4 Qb6 44. Rf7 Kg8
45. Rxf8+ Kxf8 46. Qxh7 Qc6+ 47. Kh2 Qf3 48. Qc2 Qh5+ 49. Kg2 Qxg5 50. Qc8+ Kf7
51. Qc7+ Kg8 52. Qb8+ Kh7 53. Qxa7 Qd5+ 54. f3 Qd2+ 55. Qf2 Qa5 56. Qc2+ Kh8
57. a4 Kg8 58. Qc4+ Kh8 59. g4 Qd2+ 60. Kh3 Qh6+ 61. Kg3 Qd6+ 62. Qf4 Qd1 63.
Qf8+ Kh7 64. Qf5+ Kh8 65. Qh5+ Kg8 66. Qe8+ Kh7 67. Qe4+ Kh8 68. Kh4 Qh1+ $18 {
#} 69. Kg5 $4 Qh6+ 70. Kf5 Qf6# 0-1

[Event "Vellmar Int 4th op  A"]
[Site "Vellmar"]
[Date "2012.07.29"]
[Round "6.14"]
[White "Fichte, Wolfgang"]
[Black "Plueg, Andreas"]
[Result "1-0"]
[WhiteElo "1958"]
[BlackElo "2303"]
[PlyCount "56"]
[EventDate "2012.07.26"]
[EventType "swiss"]
[EventRounds "7"]
[EventCountry "GER"]

{DWZ: 1828(geb.1951) - 2292(FM)} 1. b4 d5 2. Bb2 Nf6 3. e3 c6 4. a4 Bg4 5. Nf3
Nbd7 6. Be2 e6 7. b5 h6 8. d4 Bd6 9. Nbd2 O-O 10. O-O Qe7 11. Ne5 Bxe2 12. Qxe2
c5 13. c4 Rac8 14. Rfc1 Rfd8 15. a5 Bb8 16. a6 Nxe5 17. axb7 Qxb7 18. dxe5 Nd7
19. f4 dxc4 20. Qxc4 Nb6 21. Qe2 Rd7 22. Nb3 Qd5 23. Na5 c4 24. Bd4 Qxb5 25.
Rcb1 Qd5 26. Bxb6 axb6 27. Rxb6 Ba7 28. Rd6 $19 {#} c3 $4 1-0

[Event "Vellmar Int 4th op  A"]
[Site "Vellmar"]
[Date "2012.07.29"]
[Round "6.15"]
[White "Kaplunov, Vadym"]
[Black "Cherny, Andrey"]
[Result "0-1"]
[WhiteElo "1985"]
[BlackElo "2253"]
[PlyCount "48"]
[EventDate "2012.07.26"]
[EventType "swiss"]
[EventRounds "7"]
[EventCountry "GER"]

{DWZ: 1936(geb.1936) - 2220} 1. d4 d5 2. c4 e6 3. Nc3 Nf6 4. e3 dxc4 5. Bxc4 a6
6. Nf3 b5 7. Bd3 Bb7 8. a3 c5 9. O-O Nbd7 10. Qe2 Be7 11. Rd1 Qb6 12. b3 O-O
13. Bb2 Rac8 14. Rac1 Rfd8 15. Ne5 cxd4 16. exd4 Nf8 17. Ne4 Nd5 18. Rxc8 Rxc8
19. Qd2 f6 20. Nf3 Ng6 21. b4 Ndf4 22. Qe3 Bd5 23. Nc5 Nxg2 24. Qe2 N6f4 0-1

[Event "Vellmar Int 4th op  A"]
[Site "Vellmar"]
[Date "2012.07.29"]
[Round "6.16"]
[White "Stabernack, Joschi"]
[Black "Von Kiedrowski, Klemens"]
[Result "1-0"]
[WhiteElo "1928"]
[BlackElo "2076"]
[PlyCount "45"]
[EventDate "2012.07.26"]
[EventType "swiss"]
[EventRounds "7"]
[EventCountry "GER"]

{DWZ: 1859(geb.1995) - 1935} 1. e4 c5 2. Nf3 Nc6 3. d4 cxd4 4. Nxd4 Qb6 5. Nb3
Nf6 6. Nc3 e6 7. Be3 Qc7 8. f4 Bb4 9. Bd3 a6 10. O-O Bxc3 11. bxc3 d6 12. Kh1
b6 13. Rb1 b5 14. Qe2 Bb7 15. Bd2 O-O 16. Nd4 Nd7 17. Rf3 Rfe8 18. Rg3 Nf8 19.
Qg4 f6 20. f5 e5 21. Ne2 Na5 22. Be3 Bc6 23. Bb6 1-0

[Event "Vellmar Int 4th op  A"]
[Site "Vellmar"]
[Date "2012.07.29"]
[Round "6.17"]
[White "Blank, Stefan"]
[Black "Businger, Paul"]
[Result "0-1"]
[WhiteElo "1903"]
[BlackElo "2074"]
[PlyCount "109"]
[EventDate "2012.07.26"]
[EventType "swiss"]
[EventRounds "7"]
[EventCountry "GER"]

{DWZ: 1762 - -(SUI)} 1. e4 e5 2. Nf3 Nc6 3. d3 Nf6 4. Be2 d5 5. Nbd2 Be7 6. O-O
O-O 7. c3 h6 8. h3 Be6 9. Re1 Qd7 10. Bf1 dxe4 11. dxe4 a6 12. Qc2 Ne8 13. b3
Nd6 14. Bb2 f6 15. Rad1 Qe8 16. a3 Qf7 17. c4 Rfd8 18. Nb1 Na7 19. Nc3 c6 20.
Nd2 b5 21. c5 Ne8 22. b4 Rd7 23. Ra1 a5 24. Reb1 a4 25. Nf3 Rad8 26. Qe2 Bb3
27. Bc1 Nc7 28. Be3 Ne6 29. Qb2 Nd4 30. Bxd4 exd4 31. Nd1 g6 32. Nd2 Be6 33.
Bd3 f5 34. f3 Bg5 35. Nf2 Be3 36. Re1 Bc4 37. Bb1 Nc8 38. Nf1 Ne7 39. Nxe3 dxe3
40. Rxe3 Rd2 41. Qc3 fxe4 42. Rxe4 Nf5 43. Qe5 Qd7 44. Ng4 Qg7 45. Qxg7+ Kxg7
46. Re1 Nh4 47. Ne3 Rb2 48. Be4 Rdd2 49. Rad1 Rf2 50. Rd7+ Kf8 51. Red1 Nxg2
52. Rd8+ Kg7 53. Nxc4 bxc4 54. R8d6 ({oder} 54. R1d6 Nf4 55. R8d7+ {ZÜ ?} ({
oder} 55. R6d7+ {ZÜ ?})) 54... Nf4 55. Rd7+ 0-1

[Event "Vellmar Int 4th op  A"]
[Site "Vellmar"]
[Date "2012.07.29"]
[Round "6.18"]
[White "Heckmann, Torsten"]
[Black "Feicht, Arno"]
[Result "0-1"]
[WhiteElo "1929"]
[BlackElo "2073"]
[PlyCount "28"]
[EventDate "2012.07.26"]
[EventType "swiss"]
[EventRounds "7"]
[EventCountry "GER"]

{DWZ: 1702 - 1932(geb.1949)} 1. Nf3 f5 2. b3 Nf6 3. Bb2 e6 4. e3 b6 5. g3 Bb7
6. Bg2 Be7 7. O-O O-O 8. c4 d6 9. d4 Ne4 10. Nfd2 Nd7 11. Nxe4 fxe4 12. Qg4 Nf6
13. Qxe6+ Kh8 $14 {#} 14. d5 $4 Bc8 0-1

[Event "Vellmar Int 4th op  A"]
[Site "Vellmar"]
[Date "2012.07.29"]
[Round "6.19"]
[White "Brueckmann, Gerd"]
[Black "Van Dyck, Marc"]
[Result "0-1"]
[WhiteElo "2048"]
[BlackElo "1983"]
[PlyCount "46"]
[EventDate "2012.07.26"]
[EventType "swiss"]
[EventRounds "7"]
[EventCountry "GER"]

{DWZ: 1858 - -(BEL)} 1. d4 d5 2. c4 e6 3. g3 Nf6 4. Bg2 c6 5. Nf3 Nbd7 6. O-O
Be7 7. Qc2 O-O 8. b3 Re8 9. Nc3 Bf8 10. Rd1 Qa5 11. Bb2 dxc4 12. bxc4 Qh5 13.
e4 e5 14. dxe5 Ng4 15. Ne2 Ndxe5 16. Nxe5 Qxh2+ 17. Kf1 Nxe5 18. Bxe5 Bh3 19.
Bxh3 Qxh3+ 20. Kg1 Rxe5 21. Nf4 Qg4 22. Kg2 Rg5 23. Rh1 Qxf4 0-1

[Event "Vellmar Int 4th op  A"]
[Site "Vellmar"]
[Date "2012.07.29"]
[Round "6.20"]
[White "Keil, Roland"]
[Black "Humburg, Philipp"]
[Result "1-0"]
[WhiteElo "2024"]
[BlackElo "1839"]
[PlyCount "99"]
[EventDate "2012.07.26"]
[EventType "swiss"]
[EventRounds "7"]
[EventCountry "GER"]

1. e4 {DWZ: 1950 - 1841(geb.1996)} e6 2. d3 c5 3. g3 Nc6 4. Bg2 Nge7 5. Nc3 d5
6. f4 d4 7. Nce2 g6 8. Nf3 Bg7 9. O-O f5 10. Ng5 h6 11. Nh3 O-O 12. Nf2 e5 13.
Kh1 Be6 14. fxe5 Nxe5 15. Nf4 Bc8 16. Qe2 Rb8 17. Bd2 Qb6 18. Rab1 Bd7 19. c4
fxe4 20. Nxe4 Bg4 21. Qe1 g5 22. Ba5 Qc6 23. Nxg5 Qd7 24. Ne4 b6 25. Bd2 Qa4
26. h3 Bf5 27. Qe2 N7g6 28. g4 Bd7 29. Nd6 Nxf4 30. Bxf4 Ng6 31. Bd5+ Kh7 32.
b3 Qb4 33. Bg3 b5 34. Nxb5 Rbe8 35. Be4 Bxb5 36. Rxf8 Bxf8 37. Be1 Qa3 38. cxb5
Kg7 39. Bg3 Qa5 40. a4 Qb6 41. Rf1 Qe6 42. Qf3 Rd8 43. Bxg6 Kxg6 44. Qf5+ Qxf5
45. Rxf5 Be7 46. a5 Rd7 47. b6 Bd8 48. Rxc5 axb6 49. axb6 Bxb6 50. Rc6+ 1-0

[Event "Vellmar Int 4th op  A"]
[Site "Vellmar"]
[Date "2012.07.29"]
[Round "6.22"]
[White "Roehl, Rainer"]
[Black "Reimers, Juri"]
[Result "1-0"]
[WhiteElo "2148"]
[BlackElo "1720"]
[PlyCount "49"]
[EventDate "2012.07.26"]
[EventType "swiss"]
[EventRounds "7"]
[EventCountry "GER"]

{DWZ: 2090 - 1753(geb.1999)} 1. d4 g6 2. c4 Bg7 3. Nc3 c5 4. d5 d6 5. e4 e5 6.
Bd3 Ne7 7. Nge2 O-O 8. h4 h5 9. Bg5 Nd7 10. g4 hxg4 11. h5 f6 12. Bd2 f5 13.
exf5 gxf5 14. h6 Bh8 15. Ng3 Nf6 16. Bg5 Qe8 17. Nb5 Qg6 18. h7+ Nxh7 19. Bxe7
Re8 20. Nxd6 e4 21. Nxe8 Qxe8 22. d6 exd3 23. Qxd3 Bxb2 24. Rb1 Be5 25. Qd5+
1-0

[Event "Vellmar Int 4th op  A"]
[Site "Vellmar"]
[Date "2012.07.29"]
[Round "6.23"]
[White "Rueggeberg, Jan"]
[Black "Ziegenfuss, Holger"]
[Result "0-1"]
[WhiteElo "1874"]
[BlackElo "2021"]
[PlyCount "54"]
[EventDate "2012.07.26"]
[EventType "swiss"]
[EventRounds "7"]
[EventCountry "GER"]

{DWZ: 1791 - 1942} 1. c4 e5 2. Nf3 Nc6 3. Nc3 Bb4 4. Nd5 d6 5. Nxb4 Nxb4 6. d4
exd4 7. Nxd4 Bd7 8. g3 Qf6 9. Be3 c5 10. Nb5 Bxb5 11. cxb5 Qxb2 12. Rc1 Nxa2
13. Rc2 Qb4+ 14. Bd2 Qb3 15. Bg2 Nb4 16. Rc3 Qxd1+ 17. Kxd1 O-O-O 18. Rb3 Nf6
19. Bxb4 cxb4 20. Rxb4 d5 21. Kc2 Kc7 22. b6+ axb6 23. Rhb1 Rd6 24. Kd3 Ra8 25.
R1b2 $17 {(=)} Ra5 26. h4 Nd7 $17 {#} 27. Rg4 $4 Ne5+ 0-1